000 00614cam a2200181 i 4500
001 25457
003 Mx-PuUPA
005 20250919111106.0
008 140415s1996 nyu gr 000 0 eng d
040 _cMx-PuUPA
041 0 _aeng
082 0 4 _axx
_bxx
_223
245 _aThe culture of national security :
_bnormas and identity in world politics /
_cEdited by, Peter J. Katzenstein
264 1 _aNew York :
_bColumbia University Press,
_c©1996
300 _axv, 562 páginas ;
_c23 cm
942 _2ddc
_cLI
_hxx
_ixx
999 _c25457
_d25457